Harry Potter Relations Quiz Stats

 Plays Quiz not verified by Sporcle

Support Sporcle.
Go Orange.
Score 0/18 Timer 02:00
0 Plays Today
Hint Answer % Correct
Best FriendHermione Granger
96.8%
Best FriendRon Weasley
96.8%
GirlfriendGinny Weasley
95.8%
GirlfriendCho Chang
93.1%
Father FigureSirius Black
91.5%
Father FigureRemus Lupin
89.4%
Mother FigureMolly Weasley
89.4%
NemesisVoldemort
89.4%
NemesisDraco Malfoy
88.4%
Hint Answer % Correct
Father FigureArthur Weasley
87.3%
ChildAlbus Severus Potter
84.7%
Best FriendNeville Longbottom
84.7%
Father FigureAlbus Dumbledore
83.6%
Best FriendLuna Lovegood
82.5%
ChildJames Sirius Potter
81%
ChildLily Luna Potter
77.2%
NemesisDeath Eaters
70.4%
Father FigureRubeus Hagrid
61.9%

You're not logged in!

Compare scores with friends on all Sporcle quizzes.
OR
Log In

From the Vault

Tricky-Clicky Minute: Clothes

by EsteeSo

60 seconds to a winning wardrobe.
Remove Ads.
Support Sporcle.
Get the best of Sporcle when you Go Orange. This ad-free experience offers more features, more stats, and more fun while also helping to support Sporcle. Thank you for becoming a member.

Show Comments

Extras

Created Oct 10, 2013ReportNominate
Tags:Harry Potter Quiz

Top Quizzes Today


Score Distribution

Your Account Isn't Verified!

In order to create a playlist on Sporcle, you need to verify the email address you used during registration. Go to your Sporcle Settings to finish the process.

Report this User

Report this user for behavior that violates our Community Guidelines.

Details: